มุมมองปกติ
มุมมองแบบ MARC
- อาทิตย์ อุไรรัตน์
รายการ Personal Name
001 - CONTROL NUMBER
- control field: 31496
003 - CONTROL NUMBER IDENTIFIER
- control field: NALT
005 - DATE AND TIME OF LATEST TRANSACTION
- control field: 20221021103116.0
008 - FIXED-LENGTH DATA ELEMENTS
- fixed length control field: 181009|| aca||aabn | a|a d
040 ## - CATALOGING SOURCE
- Original cataloging agency: NALT
100 04 - HEADING--PERSONAL NAME
- Personal name: อาทิตย์ อุไรรัตน์
- General subdivision: ชีวประวัติ
